000 01046cam a22002054a 4500
005 20250605164118.0
008 250528s ||||||||||||||||||||||||d
035 _a18155
020 _a132681528
040 _aGR-AtMCL
_bgre
_dGR-AtMCL
_eAACR2
245 1 _aIntroduction to Computing Using C++ and Object Technology
260 _bPrentice Hall,
_c1999
300 _a820
520 _aAn exciting new introductory C++ programming text for students and professionals interested in using objects and object-oriented design from the beginning. Introduction to Object Technology, Basic C++ Types and Programs, Describing and Declaring Classes, Basic C++ Control Structures, Developing Your Own Classes, Additional C++ Control Structures, Arrays, Program Design and Algorithms, Operator Overloading and Templates, Pointers and Dynamic Memory, Containers and Linked lists, Inheritance and Virtual Functions, Index.
700 1 _aFord H. William
_94446
700 1 _aTopp R. William
_94447
942 _cBK
999 _c3536
_d3536